|
|
|
|
| LEADER |
00000nam2a2200000 4500 |
| 001 |
297466 |
| 005 |
20231102001018.0 |
| 020 |
|
|
|a RU
|b 84-43428ж
|
| 035 |
|
|
|a (RuTPU)RU\TPU\book\322599
|
| 090 |
|
|
|a 297466
|
| 100 |
|
|
|a 20150608c1984 km y0rusy5003 ca
|
| 101 |
0 |
|
|a rus
|
| 200 |
0 |
|
|a Вып. 22
|
| 210 |
|
|
|d 1984
|
| 215 |
|
|
|a 73 с.
|c ил.
|
| 306 |
|
|
|a Изд. выходит с 1979 г.
|
| 320 |
|
|
|a Библиогр. в конце ст.
|
| 461 |
|
1 |
|0 (RuTPU)RU\TPU\book\143378
|t Композиционные полимерные материалы
|o республиканский межведомственный сборник научных трудов
|f Академия наук Украинской ССР (АН УССР), Институт химии высокомолекулярных соединений (ИХВС)
|v Вып. 22
|d 1979-1991
|
| 606 |
1 |
|
|a Композиционные материалы полимерные
|x Модифицирование радиационное
|2 stltpush
|3 (RuTPU)RU\TPU\subj\15052
|9 41350
|
| 610 |
1 |
|
|a композиты
|
| 610 |
1 |
|
|a полимерные смеси
|
| 610 |
1 |
|
|a свойства
|
| 610 |
1 |
|
|a структура
|
| 610 |
1 |
|
|a полимеры
|
| 610 |
1 |
|
|a наполнители
|
| 610 |
1 |
|
|a сополимеры
|
| 610 |
1 |
|
|a границы раздела
|
| 610 |
1 |
|
|a полимерные фазы
|
| 610 |
1 |
|
|a неорганические наполнители
|
| 675 |
|
|
|a 678.5.067
|z rus
|v 3
|
| 702 |
|
1 |
|a Липатов
|b Ю. С.
|g Юрий Сергеевич
|4 340
|
| 712 |
0 |
2 |
|a Академия наук Украинской ССР (АН УССР)
|b Институт химии высокомолекулярных соединений (ИХВС)
|c (Киев)
|2 stltpush
|3 (RuTPU)RU\TPU\col\1501
|
| 801 |
|
0 |
|a RU
|b RuMRKP
|c 19950704
|g psbo
|
| 801 |
|
1 |
|a RU
|b 63413507
|c 20150608
|
| 801 |
|
2 |
|a RU
|b 63413507
|c 20190228
|g RCR
|
| 942 |
|
|
|c BK
|